Star Wars: Clone Commanders by Picture - Statistics

General Stats
  • This quiz has been taken 173 times
  • The average score is 16 of 42
Answer Stats
Picture Answer % Correct
Cody
92%
Rex
91%
Wolffe
85%
Fox
84%
Crosshair
80%
Gree
80%
Bly
72%
Thorn
69%
Appo
65%
Doom
61%
Bacara
59%
Neyo
58%
Colt
49%
Scorch
48%
Ponds
47%
Blitz
44%
Davijaan
43%
Grey
41%
Monnk
41%
Trauma
41%
Havoc
39%
Thire
37%
Fil
36%
Jet
36%
Hammer
35%
Blackout
33%
Mayday
33%
Deviss
20%
Faie
20%
Keller
16%
Stone
11%
Bow
6%
Ganch
6%
Voca
4%
Clutch
2%
Dox
2%
Jenks
2%
Kite
2%
Tacker
2%
Tacks
2%
Trantos
2%
Vill
2%
No matching quizzes found
Score Distribution
Percent of People with Each Score
Percentile by Number Answered
Your Score History
You have not taken this quiz